| 000 | 00493nam a2200097Ia 4500 | ||
|---|---|---|---|
| 008 | 180130s9999 xx 000 0 und d | ||
| 245 |
_cMcKelvey, Maureen; Ljungberg, Daniel; Laage-Hellman, Jens _aCollaborative research in innovative food: an example of renewing a traditional low-tech industry |
||
| 260 | _c2013 | ||
| 300 | _aBook title: How entrepreneurs do what they do : case studies in knowledge intensive entrepreneurship--Acession number C17365; pages 159-172 | ||
| 650 | _aENTREPRENEURSHIP | ||
| 999 |
_c354468 _d354468 |
||